000 00603nam a22002177a 4500
003 UA-OsUOA
001 122528
007 ta
008 20170510b un ||||| |||| 00| 0 ukr d
100 _aКороткий В.
090 _a32
_bК68
942 _cSA
040 _aUA-OsUOA
_bukr
_cUA-OsUOA
_dUA-OsUOA
245 _aЛівійська вибухонебезпечна суміш. Російський каталізатор
300 _aС.5
955 _a0
041 _aukr
080 _a32
773 0 _w122525
_tДзеркало тижня
_dК.
_d2017
_g13
650 7 _a32 Політика
_2UDC
999 _c409022
_d409022